=LDR 00000nam 2200000 4500 =001 INLIS000000000043790 =005 20131008103804 =008 ***********************************ind** =035 ##$$0010-101300000001712 =041 ##$$a ind =082 ##$$a 342.05 =090 ##$$a R 342.05, War p =100 ##$$a Wartono, H. JH =245 ##$$a Proses Demokratisasi menuju Indonesia Baru dari SU MPRRI ke Kabinet Persatuan Nasional, H. HJ. Wartono =260 ##$$a 2000 $b Jakarta =300 ##$$a xviii, 540 hlm, 22 cm =650 ##$$a Majelis Permusyawaratan Rakyat - Sidang Umu =850 ##$$a NBPNMAT